000 00341nam a2200145Ia 4500
008 150201s1968 xx 000 0 und d
082 _a612.015
_bM1968H
100 _aHERSKOWITZ H.
245 _aMOLECULAR GENETICS
250 _a1ST
260 _bTHOMAS NELSON
_aDELHI
_c1968
300 _a1-302
650 _aBIOCHEMISTRY
942 _2ddc
_cBK
999 _c3237
_d3237